00451nam a2200169Ia 4500008004100000020001500041041000800056082001600064100002200080245006900102260003900171300000800210365001100218650001500229650001400244700002300258140306s9999 xx 000 0 und d a817036938X aeng a355bSUB/HI aSubrata Mujherjee aHistory of socialist thought : from the precusors to the present aNew DelhibSage Publicationsc2000 a464 bRs.495 aPhilosophy aSocialism aSushila, Ramaswary